|
|
|
|
| LEADER |
00784pam a22002298a 4500 |
| 001 |
00019493 |
| 005 |
20171026081022.0 |
| 008 |
110506s2005 ||||||Viesd |
| 020 |
|
|
|c 280000
|
| 041 |
0 |
# |
|a Vie
|
| 082 |
1 |
4 |
|a 959.704 3
|b CH309D
|
| 245 |
0 |
0 |
|a Chiến dịch Hồ Chí Minh giải phóng miền nam, thống nhất đất nước
|
| 260 |
# |
# |
|a H.
|b Quân đội nhân dân
|c 2005
|
| 300 |
# |
# |
|a 488 tr.
|c 27 cm.
|
| 653 |
# |
# |
|a Chiến dịch Hồ Chí Minh
|
| 653 |
# |
# |
|a Việt Nam
|
| 653 |
# |
# |
|a Lịch sử hiện đại
|
| 653 |
# |
# |
|a Kháng chiến chống Mỹ
|
| 852 |
# |
# |
|b Kho đọc
|j KD.0004642
|
| 852 |
# |
# |
|j KD.0004642
|
| 910 |
|
|
|d 06/05/2011
|
| 980 |
# |
# |
|a Trung tâm Học liệu Lê Vũ Hùng, Trường Đại học Đồng Tháp
|